000 01714nam a2200445 i 4500
001 1675
003 KOSZ 005
005 20221116100540.0
008 000114s1981 pl a f |000 0 pol
015 _aPB 1981/6872
020 _a8301027576
035 _a(OCoLC)830942588
040 _aWA N
_cWA N
_dKOSZ 005/HR
046 _k1981
080 _a658.1/.5
080 _a330.342.15
245 0 0 _aZarządzanie przedsiębiorstwami uczestnikami rynku dóbr konsumpcyjnnych :
_bpraca zbiorowa.
_nT. 1 i 2 /
_cpod kier. nauk. J. Beksiaka ; aut. Janusz Beksiak, Lech Buczkowski, Barbara Czarniawska, Franciszek Misiąg, Helena Rębacz, Bogdan Wawrzyniak.].
260 _aWarszawa :
_bPaństwowe Wydawnictwo Naukowe,
_c1981.
300 _a (477, [3] s. :
_bil., tab.) ;
_c21 cm.
336 _2rdacontent
_aTekst
_btxt
337 _2rdamedia
_aBez urządzenia pośredniczącego
_bn
338 _2rdacarrier
_aWolumin
_bnc
380 _aKsiążki
380 _aPublikacje naukowe
388 _a1901-2000
388 _a1945-1989
650 4 _aPrzedsiębiorstwo
650 4 _aZarządzanie
658 _aGospodarka, ekonomia, finanse
658 _aZarządzanie i marketing
650 4 _aGospodarka socjalistyczna
700 1 _aBeksiak, Janusz
_d(1929-2014).
_eAutor
_eRedakcja
700 1 _aMisiąg, Franciszek
_d(1938- ).
_eAutor
700 1 _aRębacz, Helena.
_eAutor
700 1 _aWawrzyniak, Bogdan
_d(1941- )
_eAutor
700 1 _aBuczkowski, Lech
_eAutor
700 1 _aCzarniawska-Joerges, Barbara
_d(1948- )
_eAutor
856 _uhttp://koha.tu.koszalin.pl/cgi-bin/koha/opac-detail.pl?biblionumber=1675
_yKatalog online BPK
942 _2UKD
_cKS
999 _c1675
_d1675